000 00915nam a2200205 u 4500
001 000333961
003 AM-YeHGA
005 20250618072105.0
008 030910s1972 ai r 000 0 arm d
040 _aAM-YeHGA
041 0 _aarm
245 0 0 _aԳյուղական գրադարանի աշխատանքի հաշվառումը և պլանավորումը :
_b(Մեթոդ. նյութեր) /
_cՀՍՍՀ Կուլտուրայի մինիստր., Սլ. Մյասնիկյանի անվ. հանրապետ. գ-րան.
260 _aԵրևան :
_bԱ. հ.,
_c1972.
300 _a38 էջ
_bաղս. ;
_c20 սմ.
440 0 _aՕգնություն գրադարանավարներին
650 1 4 _aԳրադարանային գործ
_9246
710 2 _aՀՍՍՀ Կուլտուրայի մինիստրություն
710 2 _aՀանրապետական գրադարան Ալ. Մյասնիկյանի անվան
090 _c126905
999 _c125547
_d125547